000 00788nam a22002417a 4500
003 UA-OsUOA
001 61010
007 ta
008 20090615b un ||||| |||| 00| 0 ukr d
090 _a32
_bД46
942 _cMG
040 _aUA-OsUOA
_brus
_cUA-OsUOA
_dUA-OsUOA
245 _aДипломатический журнал
_bУчредиель: ЗАО "Издательский дом "Политический журнал"
_cГлав. ред. Акопов П.
300 _a96 с.
955 _a1
041 _arus
080 _a32
260 _aМ.
_bЗАО "Медиа-Группа "Свобода слова"
246 3 1 _aБудущая история уже сегодня
_n
044 _aRU
962 _a2004
650 7 _a32 Політика
_2UDC
999 _c347358
_d347358